3 Most Streamed Travis Scott Songs on Each Album - Statistics

General Stats
  • This quiz has been taken 105 times
  • The average score is 16 of 24
Answer Stats
Hint Answer % Correct
ASTROWORLD (2.00B Streams) SICKO MODE
96%
UTOPIA (1.29B Streams) FE!N
94%
Birds in the Trap Sing McKnight (2.71B Streams) goosebumps
94%
Rodeo (419M Streams) 90210
89%
Rodeo (635M Streams) Antidote
88%
ASTROWORLD (666M Streams) STARGAZING
85%
ASTROWORLD (1.15B Streams) BUTTERFLY EFFECT
84%
JACKBOYS (627M Streams) OUT WEST
83%
UTOPIA (661M Streams) MY EYES
82%
Days Before Rodeo (N/A) Drugs You Should Try It
79%
Days Before Rodeo (N/A) Mamacita
76%
Birds in the Trap Sing McKnight (650M Streams) pick up the phone
73%
JACKBOYS (356M Streams) GATTI
70%
Rodeo (187M Streams) 3500
62%
UTOPIA (442M Streams) MELTDOWN
60%
Birds in the Trap Sing McKnight (387M Streams) beibs in the trap
59%
Huncho Jack, Jack Huncho (139M Streams) Dubai Shit
55%
Owl Pharaoh (N/A) Quintana
50%
Days Before Rodeo (N/A) Skyfall
49%
JACKBOYS (191M Streams) HAD ENOUGH
44%
Owl Pharaoh (N/A) Hell of a Night
43%
Huncho Jack, Jack Huncho (164M Streams) Saint
39%
Huncho Jack, Jack Huncho (113M Streams) Motorcycle Patches
30%
Owl Pharaoh (N/A) Uptown
20%
No matching quizzes found
Score Distribution
Percent of People with Each Score
Percentile by Number Answered
Your Score History
You have not taken this quiz